000 00608nam a2200277Ia 4500
001 Z_5022
003 CHAP
008 220113s1989 xx 000 0 und d
010 _a168078
040 _cCHAP
082 _a860 K3
100 _aKaufman, Michael
_9134538
245 _aHombres placer, poder y cambio /
_cpor Michael Kaufman
260 _aChapingo, Méx. :
_bSTAUACH,
_c1989
300 _a99 p.
440 _a
500 _a
503 _a
650 _aLiteratura mexicana I. t.
901 _a860 K3
902 _aA
910 _a1989
942 _c1
942 _cc1
999 _c168078
_d168078